000 00470nam a2200169Ia 4500
005 20250508164033.0
008 008 250505s9999 xx 000 0 eng d
037 _aTextual
040 _aFEDL
_beng
_cFEDL
041 _aeng
_2eng
084 _a193, HEI
_qFEDL
245 0 _aHeidegger : And being and time
260 _aLondon, UK
_bRoutledge philosophy guide books
_c1996
300 _axii,202p.
942 _cTEXL
_h193, HEI
999 _c1386710
_d1386710